000 00476nam a2200181Ia 4500
008 230524s9999 xx 000 0 und d
020 _a9789351361732
082 _a320.9540905
_bKAL
100 _aA.P.J. Abdul Kalam
245 2 _aA Manifesto For Change A Sequel to India 2020
250 _a1
260 _aHaryana
_bHarpercollins
_c2021
300 _a255p;
500 _aQuantity Number: 1
650 _aMiscellaneous
_91877
700 _aV.Ponraj
_945120
942 _cBK
999 _c60744
_d60744